|
|
|
|
| LEADER |
00000nam0a2200000 4500 |
| 001 |
36071 |
| 005 |
20231101210339.0 |
| 035 |
|
|
|a (RuTPU)RU\TPU\book\36533
|
| 035 |
|
|
|a BOOK00003185
|
| 090 |
|
|
|a 36071
|
| 100 |
|
|
|a 20011210d1963 k y0rusy50 ca
|
| 101 |
1 |
|
|a rus
|c eng
|
| 102 |
|
|
|a RU
|
| 105 |
|
|
|a a z 000zy
|
| 200 |
0 |
|
|a Т. 1
|
| 210 |
|
|
|d 1963
|
| 215 |
|
|
|a 592 с.
|c ил.
|
| 461 |
|
|
|t Аналитическая химия полимеров
|o пер с англ.
|f под ред. Г. Клайна
|v Т. 1
|d 1963-1966
|
| 606 |
1 |
|
|a Полимеры
|x Химия
|2 stltpush
|3 (RuTPU)RU\TPU\subj\74408
|9 86706
|
| 610 |
1 |
|
|a химия
|
| 610 |
1 |
|
|a химический анализ
|
| 610 |
1 |
|
|a мономеры
|
| 610 |
1 |
|
|a типы
|
| 610 |
1 |
|
|a органические соединения
|
| 610 |
1 |
|
|a волокна
|
| 675 |
|
|
|a 678.01:54
|v 3
|
| 801 |
|
0 |
|a RU
|b 63413507
|c 20011210
|g PSBO
|
| 801 |
|
2 |
|a RU
|b 63413507
|c 20230210
|g PSBO
|
| 900 |
|
|
|a Химия и технология пластических масс
|
| 900 |
|
|
|a Технология пластических масс
|
| 900 |
|
|
|a Химическая технология полимеров
|
| 942 |
|
|
|c BK
|